000
00230nam a2200097Ia 4500
008
230907s9999||||xx |||||||||||||| ||und||
082
_a
333.794,GRE
245
0
_a
Green energy and efficiency/
300
_a
xii, 428p.:
942
_c
BK
999
_c
597515
_d
597515